[Event "Oberliga Wuerttemberg 1819"]
[Site "Wuerttemberg"]
[Date "2019.01.13"]
[Round "5"]
[White "Ullmann, Juergen"]
[Black "Carstens, Andreas"]
[Result "0-1"]
[WhiteElo "2058"]
[BlackElo "2186"]
[PlyCount "98"]
[EventDate "2018.09.23"]
[EventType "team-tourn"]
[EventRounds "9"]
[EventCountry "GER"]
[SourceTitle "EXT 2020"]
[Source "ChessBase"]
[SourceDate "2019.10.17"]
[SourceVersion "1"]
[SourceVersionDate "2019.10.17"]
[SourceQuality "1"]
[WhiteTeam "Sontheim/Brenz"]
[BlackTeam "Bebenhausen"]
[WhiteTeamCountry "GER"]
[BlackTeamCountry "GER"]

1. e4 e6 2. d3 d5 3. Nd2 Nf6 4. g3 dxe4 5. dxe4 Bc5 6. Bg2 Nc6 7. Ngf3 e5 8. 0-0 0-0 9. h3 a5 10. c3 Qe7 11. Nh4 Be6 12. Qf3 Rfe8 13. Re1 g6 14. Nf1 Nd7 15. Be3 Rad8 16. b3 a4 17. b4 Bd6 18. Qe2 Nb6 19. Bxb6 cxb6 20. Ne3 Qc7 21. Rac1 Be7 22. Nf3 f6 23. Bf1 Kg7 24. Qb5 Bxa2 25. Qxa4 Be6 26. Qb5 Na7 27. Qa4 Nc8 28. c4 Qc6 29. Qxc6 bxc6 30. b5 cxb5 31. cxb5 Bc5 32. Nc4 Nd6 33. Na5 Ra8 34. Nc6 Ra2 35. Rxc5 bxc5 36. Rb1 Rc8 37. Rd1 Nxe4 38. Nd8 Bf5 39. g4 Nxf2 40. Rd5 Nxg4 41. hxg4 Bxg4 42. Nd2 h5 43. Bc4 Rb2 44. Ne4 h4 45. Nf2 Bf5 46. Bf1 c4 47. Nc6 c3 48. Rc5 c2 49. Bd3 Rb1+ 0-1

[Event "Oberliga Wuerttemberg 1617"]
[Site "Wuerttemberg"]
[Date "2016.10.30"]
[Round "3.8"]
[White "Bader, Gerd"]
[Black "Ullmann, Juergen"]
[Result "1/2-1/2"]
[WhiteElo "2071"]
[BlackElo "2058"]
[PlyCount "30"]
[EventDate "2016.09.25"]
[EventType "team-tourn"]
[EventRounds "11"]
[EventCountry "GER"]
[SourceTitle "EXT 2019"]
[Source "ChessBase"]
[SourceDate "2018.10.10"]
[SourceVersion "1"]
[SourceVersionDate "2018.10.10"]
[SourceQuality "1"]
[WhiteTeam "Schwaebisch Gmuend"]
[BlackTeam "Sontheim/Brenz"]
[WhiteTeamCountry "GER"]
[BlackTeamCountry "GER"]

1. e4 c6 2. d3 d5 3. Nd2 dxe4 4. dxe4 e5 5. Ngf3 Bc5 6. Be2 Qe7 7. 0-0 Nf6 8. c3 0-0 9. b4 Bb6 10. Qc2 Bg4 11. Nc4 Bc7 12. Ne3 Be6 13. Ng5 Bc8 14. a4 h6 15. Nf3 Ng4 1/2-1/2

[Event "Staufer op 13th"]
[Site "Schwaebisch Gmuend"]
[Date "2001.??.??"]
[Round "6"]
[White "Fahnenschmidt, Gerhard"]
[Black "Ullmann, Juergen"]
[Result "1-0"]
[WhiteElo "2270"]
[BlackElo "2099"]
[PlyCount "73"]
[EventDate "2001.01.??"]
[EventType "swiss"]
[EventRounds "9"]
[EventCountry "GER"]
[SourceTitle "CBM 080 Extra"]
[Source "ChessBase"]
[SourceDate "2001.03.08"]
[SourceVersion "1"]
[SourceVersionDate "2001.03.08"]
[SourceQuality "1"]

1. c4 Nf6 2. Nc3 g6 3. e4 d6 4. d4 Bg7 5. Be2 0-0 6. h4 h5 7. f4 c5 8. d5 e6 9. e5 Nh7 10. Nf3 Re8 11. dxe6 Bxe6 12. Ne4 dxe5 13. Qxd8 Rxd8 14. Nxc5 exf4 15. Nxb7 Rc8 16. Nd6 Rc6 17. Bxf4 Bxb2 18. Rb1 Bc3+ 19. Kf2 Nf6 20. Ng5 Bg4 21. Rhd1 Nbd7 22. Ndxf7 Rf8 23. Nh6+ Kg7 24. Nxg4 hxg4 25. Rb7 Kh8 26. Kg1 Nc5 27. Rxa7 Nh5 28. Bd6 Re8 29. Bxg4 Rxd6 30. Rxd6 Re1+ 31. Kf2 Nf6 32. Rd8+ Ne8 33. Ne6 Ne4+ 34. Kf3 N4f6 35. Rxe8+ Nxe8 36. Ra8 Rf1+ 37. Ke2 1-0